书目信息 |
| 题名: |
常用不等式
|
|
| 作者: | 匡继昌 著 | |
| 分册: | ||
| 出版信息: | 济南 山东科学技术出版社 2004 |
|
| 页数: | 717页 | |
| 开本: | 26cm | |
| 丛书名: | ||
| 单 册: | ||
| 中图分类: | O178 | |
| 科图分类: | ||
| 主题词: | 数学分析 | |
| 电子资源: | ||
| ISBN: | 7-5331-3618-7 | |
| 000 | 00531nam0 2200193 450 | |
| 001 | 0732828906 | |
| 005 | 20070903090708.90 | |
| 010 | @a7-5331-3618-7@d¥68.00 | |
| 100 | @a20070903d km y0chiy0120 ea | |
| 101 | 0 | @achi |
| 200 | 1 | @a常用不等式@Achang yong bu deng shi@f匡继昌著@Fkuang ji chang zhu |
| 205 | @a3版 | |
| 210 | @a济南@c山东科学技术出版社@d2004 | |
| 215 | @a717页@d26cm | |
| 606 | 0 | @a数学分析 |
| 690 | @aO178@v3 | |
| 701 | 0 | @a匡继昌@Akuang ji chang@4著 |
| 801 | 0 | @aCN@bPFT@c20070903 |
| 905 | @a213230@dO178@eS167@f1 | |
| 常用不等式/匡继昌著.-3版.-济南:山东科学技术出版社,2004 |
| 717页;26cm |
| ISBN 7-5331-3618-7:¥68.00 |
| ● |
| 相关链接 |
|
|
|
|
正题名:常用不等式
索取号:O178/S167
 
预约/预借
| 序号 | 登录号 | 条形码 | 馆藏地/架位号 | 状态 | 备注 |
| 1 | 6703410 | 267034103 | 密集书库-数信学院/ [索取号:O178/S167] | 在馆 |